[Event "Sitges Sunway op 6th"]
[Site "Sitges"]
[Date "2019.12.22"]
[Round "10"]
[White "Shatil, Or"]
[Black "Poumey, Philippe"]
[Result "1-0"]
[WhiteElo "1326"]
[BlackElo "1777"]
[PlyCount "67"]
[EventDate "2019.12.13"]
[EventType "swiss"]
[EventRounds "10"]
[EventCountry "ESP"]
[SourceTitle "CBM 193 Extra"]
[Source "ChessBase"]
[SourceDate "2020.01.31"]
[SourceVersion "1"]
[SourceVersionDate "2020.01.31"]
[SourceQuality "1"]

1. e4 Nf6 2. e5 Nd5 3. Nc3 Nxc3 4. bxc3 e6 5. d4 d5 6. f4 c5 7. Nf3 Be7 8. g3 Nc6 9. Bg2 b6 10. 0-0 Ba6 11. Re1 0-0 12. h4 Rc8 13. a3 Qc7 14. Be3 Na5 15. f5 exf5 16. Bg5 h6 17. Bxe7 Qxe7 18. Kh2 g6 19. h5 g5 20. Rh1 Qc7 21. Qd2 cxd4 22. Nxg5 Qxe5 23. Nf3 dxc3 24. Qxh6 Qg7 25. Qf4 Bb7 26. Qxf5 Nc4 27. Qf4 Rfe8 28. h6 Qg6 29. Nh4 Qh7 30. Qg4+ Kf8 31. Raf1 Re6 32. Nf5 Nd2 33. Qg7+ Qxg7 34. Nxg7 1-0

[Event "Sitges Sunway op-B 6th"]
[Site "Sitges"]
[Date "2019.12.17"]
[Round "5.32"]
[White "Clanchet Olle, Josep"]
[Black "Poumey, Philippe"]
[Result "1-0"]
[WhiteElo "1634"]
[BlackElo "1777"]
[PlyCount "85"]
[EventDate "2019.12.13"]
[EventType "swiss"]
[EventRounds "10"]
[EventCountry "ESP"]
[SourceTitle "EXT 2024"]
[Source "ChessBase"]
[SourceDate "2023.10.10"]
[SourceVersion "1"]
[SourceVersionDate "2023.10.10"]
[SourceQuality "1"]

1. e4 Nf6 2. Nc3 d5 3. exd5 Nxd5 4. Bc4 Nb6 5. Bb3 Nc6 6. Nf3 g6 7. 0-0 Bg7 8. d3 0-0 9. Bf4 Bg4 10. h3 Bxf3 11. Qxf3 Na5 12. Qe3 Nxb3 13. axb3 c6 14. Be5 Bxe5 15. Qxe5 a6 16. Rfe1 e6 17. Ne4 Nd7 18. Qd6 Kg7 19. Qd4+ e5 20. Qc3 Qc7 21. d4 f6 22. Rad1 exd4 23. Qxd4 Nb6 24. Ng5 Rfe8 25. Ne6+ Rxe6 26. Rxe6 Rf8 27. Rde1 Rf7 28. c4 a5 29. Qd6 Qxd6 30. Rxd6 Nc8 31. Rd8 Rc7 32. c5 b5 33. Ra1 Ne7 34. Rxa5 b4 35. Raa8 Nd5 36. Rac8 Ra7 37. Rxc6 Ra1+ 38. Kh2 Nc3 39. Rc7+ Kh6 40. Re7 Ra2 41. bxc3 bxc3 42. Rd1 c2 43. Rc1 1-0